000 02834cam a22004454i 4500
003 PE-LiUPU
005 20250731165422.0
008 160113s2014 pe a grm 000 0 spa d
035 _a(Sirsi) a155714
040 _aPE-LiUPU
_bspa
_cPE-LiUPU
_erda
099 _aTF 3
_bR35 2014
100 1 _aRegalado Troncoso, Luz María
_eautor
245 1 _aRelación entre el funcionamiento familiar y la edad del inicio sexual de los estudiantes del 3° a 5° grado de secundaria de la Institución Educativa Particular Adventista Chiclayo /
_cLuz María Regalado Troncoso.
264 0 _c2014.
300 _a202 hojas :
_bilustraciones;
_c30 cm
336 _atext
_2rdacontent
337 _aunmediated
_2rdamedia
338 _avolume
_2rdacarrier
502 _aTesis
_b(Mg.) --
_cUniversidad Peruana Unión,
_d2014.
504 _aIncluye bibliografía
520 3 _aEn la presente investigación se formuló el siguiente problema: ¿cuál es la relación entre el funcionamiento familiar y la edad de inicio sexual de los estudiantes del 3° al 5° Grado de Secundaria de la Institución Educativa Particular Adventista Chiclayo, 2013? y el objetivo principal fue: determinar la relación entre el funcionamiento familiar y la edad de inicio sexual de los estudiantes del 3° al 5° Grado de Secundaria de la Institución Educativa Adventista de Chiclayo, 2013. El trabajo es de tipo transversal, descriptivo-correlacional, participaron 109 estudiantes, a los cuales se les aplicó el instrumento de investigación denominado Cuestionario para escolares de Educación Secundaria, el cual contiene información general, la escala de evaluación de cohesión y adaptabilidad familiar (FACES III), que mide el funcionamiento familiar en término se cohesión y adaptabilidad y, por último, el cuestionario de inicio sexual (CISEX) que informa acerca de la edad del estudiante al ocurrir el hecho mencionado. En conclusión, el estudio mostró un inicio sexual temprano del 7,3% entre los 13 y 15 años de edad, y no hay relación significativa entre el funcionamiento familiar en términos de cohesión y adaptabilidad con la edad del inicio sexual de los estudiantes del tercero al quinto grado de secundaria de la Institución Educativa Adventista, Chiclayo, 2013.
526 _aSEG44
526 _aSEG26
526 _aP151
526 _aP150
526 _aP149
526 _aP146
526 _aP145
526 _aP126
526 _aP125
526 _aP92
526 _aP75
526 _aP74
526 _aP27
526 _aP15
650 0 4 _aRelaciones familiares
_xAdolescentes
_xConducta sexual
_vTesis.
596 _a1
942 _2ddc
_cTESIS
999 _aTF 3 R35 2014
_wALPHANUM
_c8389
_iT01558
_lCCODEBUL3
_mBUL
_r1
_sY
_tTESIS
_u2016-1-13
_xPOSGRADO
_PP54
_o.STAFF. Tesis
_d8389
980 _81
_gALBERTO SANCHEZ Responsable de Automatización